| 000 | 00793cab a2200217 4500 | ||
|---|---|---|---|
| 001 | ABS43882 | ||
| 008 | 090401t1991 xxu||||| |||| 00| 0 eng d | ||
| 035 | _a(Sirsi) u44074 | ||
| 041 | _aeng | ||
| 100 | _aAllen, T. | ||
| 245 | _a"Countryside stewardship" and landowners | ||
| 260 | _c1991 | ||
| 350 | _a0 | ||
| 490 |
_aCountry Landowner _v44(1) January 1991, 13(1) |
||
| 520 | _aDescribes the concept of countryside stewardship , an initiative announced by the Countryside Commission which is being piloted over the next three years. Examines where the scheme will apply, the aims of the scheme, how it will be put into practice and a time-table for its introduction. | ||
| 650 | _aCLA | ||
| 650 | _aCONSERVATION | ||
| 690 | _aRURAL PRACTICE | ||
| 942 | _n0 | ||
| 948 | _c04/03/1997 | ||
| 999 |
_c28102 _d28102 |
||